000 00350nam a2200133Ia 4500
008 240624s9999 xx 000 0 und d
041 _aeng
082 _a371.91 DAL
100 _aDALGLISH CAROL
245 _aTEACHING IN THE GLOBAL BUSINESS CLASSROO
260 _c2008
_aUnited Kingdom
_bEdward Elgar
300 _av, 148 p.; 23 cm.
365 _c
_b38
999 _c30657
_d30657